Mô hình hóa một số vấn đề trong khí tượng thuỷ văn bằng lý thuyết quá trình ngẫu nhiên : Luận văn Thạc sĩ chuyên ngành Lý thuyết xác suất và thống kê toán học

Nội dung giới thiệu các kiến thức cơ bản của các quá trình ngẫu nhiên, trường ngẫu nhiên, các trường vectơ ngẫu nhiên, quá trình ngẫu nhiên dừng. Ứng dụng ngẫu nhiên vào khí tượng thuỷ văn

Salvato in:
Dettagli Bibliografici
Autore principale: Nguyễn, Phú Phong Lưu
Natura: Libro
Lingua:Undetermined
Pubblicazione: Cần Thơ Trường Đại học Cần Thơ 2011
Soggetti:
Tags: Aggiungi Tag
Nessun Tag, puoi essere il primo ad aggiungerne! !
Thư viện lưu trữ: Trung tâm Học liệu Trường Đại học Cần Thơ
LEADER 01205nam a2200217Ia 4500
001 CTU_167444
008 210402s9999 xx 000 0 und d
082 |a 519.2 
082 |b L566 
088 |a 604615 
100 |a Nguyễn, Phú Phong Lưu 
245 0 |a Mô hình hóa một số vấn đề trong khí tượng thuỷ văn bằng lý thuyết quá trình ngẫu nhiên : 
245 0 |b Luận văn Thạc sĩ chuyên ngành Lý thuyết xác suất và thống kê toán học 
245 0 |c Nguyễn Phú Phong Lưu ; Dương Tôn Đảm ( Hướng dẫn khoa học ) 
260 |a Cần Thơ 
260 |b Trường Đại học Cần Thơ 
260 |c 2011 
520 |a Nội dung giới thiệu các kiến thức cơ bản của các quá trình ngẫu nhiên, trường ngẫu nhiên, các trường vectơ ngẫu nhiên, quá trình ngẫu nhiên dừng. Ứng dụng ngẫu nhiên vào khí tượng thuỷ văn 
650 |a Mathematical statistics,Toán xác suất thống kê 
904 |i QHieu 
980 |a Trung tâm Học liệu Trường Đại học Cần Thơ